000 00665nam a2200289Ia 4500
005 20260324133031.0
008 008 260324s9999 xx 000 0 eng d
020 _a9780203493144
037 _aEBOOK
040 _aCRL
040 _beng
040 _cCRL
041 _2eng
041 _aeng
084 _qCRL
100 _aPhilip M. Peek; Kwesi Yankah
_91191543
245 0 _aAfrican Folklore
245 3 _bAn Encyclopedia
260 _bTaylor and Francis
260 _c2004
365 _a
365 _b480
856 _uhttp://www.taylorfrancis.com/books/9780203493144
942 _cEBOOK
999 _c1790214
_d1790214